[Event "Christmas Knockout"]
[Site "SchemingMind.com"]
[Date "2010.12.03"]
[Round "-"]
[White "Mitch The Man"]
[Black "Gary"]
[Result "0-1"]
[WhiteCountry "USA"]
[BlackCountry "ENG"]
[WhiteElo "1387"]
[WhiteRD "60"]
[BlackElo "1611"]
[BlackRD "76"]
[GameID "268832"]

1. e4 c5 2. c4 Nc6 3. Nf3 g6 4. h3 Bg7 5. Be2 d6 6. O-O Nf6 7. d3 O-O 8. Bd2 a6 9. b3 b5 10. cxb5 axb5
11. a3 Bb7 12. Ra2 b4 13. a4 Ba6 14. Bc1 Nd7 15. Be3 Nb6 16. Nh2 e6 17. Nd2 Qe7 18. a5 Bb5 19. Qa1 Bxa1 20. Raxa1 Nd7
21. Rfe1 Nde5 22. Bf4 Nxd3 23. Bxd3 Bxd3 24. Re3 Bc2 25. Bh6 Rfb8 26. Nhf3 Nxa5 27. Bg5 f6 28. Bh4 g5 29. Bg3 f5 30. exf5 Bxf5
31. h4 g4 32. Ne1 Nc6 33. Rxa8 Rxa8 34. Nc4 d5 35. Nd6 Nd4 36. Nxf5 Nxf5 37. Rd3 Nxg3 38. fxg3 Ra1
0-1

[Event "Christmas Knockout"]
[Site "SchemingMind.com"]
[Date "2010.12.08"]
[Round "-"]
[White "lumamo"]
[Black "loco61"]
[Result "0-1"]
[WhiteCountry "ESP"]
[BlackCountry "ENG"]
[WhiteElo "1628"]
[WhiteRD "98"]
[BlackElo "1562"]
[BlackRD "66"]
[GameID "268833"]

1. e4 e5 2. f4 Nc6 3. Nf3 d6 4. fxe5 dxe5 5. Bb5 Ne7 6. Nxe5 Bd7 7. Nf3 a6 8. Bc4 b5 9. Bd5 Nxd5 10. exd5 Ne7
11. Nc3 Ng6 12. O-O Bc5+ 13. d4 Bb6 14. Ng5 O-O 15. Qh5 Bxd4+ 16. Kh1 h6 17. Nf3 Bb6 18. b4 Qf6 19. Bb2 Qf5 20. Qxf5 Bxf5
21. Rac1 Rad8 22. Rfe1 Nf4 23. Re5 g6 24. Nh4 Bd4 25. Re7 Nxd5 26. Nxd5 Bxb2 27. Rd1 Be6 28. Ne3 Bf6 29. Nf3 Rxd1+ 30. Nxd1 Bxe7
0-1

[Event "Christmas Knockout"]
[Site "SchemingMind.com"]
[Date "2010.12.04"]
[Round "-"]
[White "jtrochez1"]
[Black "z"]
[Result "0-1"]
[WhiteCountry "HON"]
[BlackCountry "IRQ"]
[WhiteElo "1581"]
[WhiteRD "48"]
[BlackElo "1896"]
[BlackRD "89"]
[GameID "268837"]

1. e4 e6 2. d4 d5 3. e5 c5 4. c3 Nc6 5. Nf3 Bd7 6. Be2 Rc8 7. Be3 Qb6 8. Qd2 h5 9. Na3 a6 10. O-O Nh6
11. b3 Ng4 12. Nc2 f6 13. Kh1 fxe5 14. Nxe5 Ncxe5 15. dxe5 Nxe5 16. b4 Qd8 17. a3 cxb4 18. axb4 Nf7 19. Qd1 Qh4 20. Nd4 Bd6
21. Nf3 Qe7 22. Qd2 h4 23. Bd4 e5 24. Be3 Be6 25. Ng5 Nxg5 26. Bxg5 Qc7 27. Rac1 h3 28. g3 O-O 29. f4 exf4 30. Bxf4 Bxf4
31. gxf4 Rf6 32. Rf2 Rcf8 33. Rcf1 g5 34. Rg1 Rg6 35. Bg4 Qd7 36. Bxe6+ Qxe6 37. Re2 Qf5 38. Re5 Qxf4 39. Qxf4 Rxf4 40. Rxd5 g4
41. Rh5 Kf7 42. Rh7+ Rg7 43. Rh4 Kf6 44. Rh6+ Rg6 45. Rxg6+ Kxg6 46. Rg3 Kf5 47. Kg1 Rf3 48. Rxf3+ gxf3 49. c4 Ke4 50. Kf2 Kd4
51. c5 Kc4 52. Kxf3 Kxb4
0-1

[Event "Christmas Knockout"]
[Site "SchemingMind.com"]
[Date "2010.12.04"]
[Round "-"]
[White "maro"]
[Black "krystek234"]
[Result "0-1"]
[WhiteCountry "MEX"]
[BlackCountry "POL"]
[WhiteElo "1316"]
[WhiteRD "61"]
[BlackElo "2102"]
[BlackRD "88"]
[GameID "268838"]

1. d4 Nf6 2. d5 g6 3. Bg5 Bg7 4. Nc3 d6 5. Ne4 Nxe4 6. Bc1 Nf6 7. c4 c6 8. e3 cxd5 9. cxd5 Qa5+ 10. Bd2 Qxd5
11. Be2 O-O 12. Bf3 Qb5 13. b3 Nc6 14. Bxc6 bxc6 15. Ne2 Ne4 16. O-O Bxa1 17. Re1 Bg7 18. Nd4 Qa6 19. a4 Nxd2 20. Qxd2 Rb8
0-1

[Event "Christmas Knockout"]
[Site "SchemingMind.com"]
[Date "2010.12.03"]
[Round "-"]
[White "Gary"]
[Black "Mitch The Man"]
[Result "1-0"]
[WhiteCountry "ENG"]
[BlackCountry "USA"]
[WhiteElo "1169"]
[WhiteRD "106"]
[BlackElo "1398"]
[BlackRD "57"]
[GameID "268840"]

1. e4 e5 2. Nf3 d6 3. d4 Qe7 4. dxe5 dxe5 5. Bc4 h6 6. O-O f6 7. Nc3 Be6 8. Qe2 Bxc4 9. Qxc4 c6 10. Be3 Na6
11. Rad1 Nb8 12. Rd2 Nd7 13. Rfd1 Rd8 14. a4 Qf7 15. Qe2 Ne7 16. Bxa7 g6 17. Bb6 Rc8 18. Rxd7 Qg7 19. Qc4
1-0

[Event "Christmas Knockout"]
[Site "SchemingMind.com"]
[Date "2010.12.08"]
[Round "-"]
[White "loco61"]
[Black "lumamo"]
[Result "1-0"]
[WhiteCountry "ENG"]
[BlackCountry "ESP"]
[WhiteElo "1557"]
[WhiteRD "70"]
[BlackElo "1648"]
[BlackRD "94"]
[GameID "268841"]

1. e4 e5 2. Nf3 Nc6 3. Bc4 h6 4. c3 Bc5 5. b4 Bb6 6. a4 a5 7. b5 Nce7 8. Nxe5 f6 9. Nf7 d5 10. Nxd8 dxc4
11. Nxb7 Bxb7 12. d3 Rd8 13. d4 Bxe4 14. f3 Bd3 15. Ba3 Nd5 16. Kf2 Nge7 17. Bxe7 Kxe7 18. Re1+ Kf7 19. Qc1 Rhe8 20. Nd2 Rxe1
21. Kxe1 Re8+ 22. Kf2 h5 23. Ra2 h4 24. Ne4 f5 25. Nc5 Re3 26. Nxd3 Rxd3 27. Qg5 g6 28. Re2 Rxc3 29. Qd8 Bxd4+ 30. Ke1 Ne3
31. Rxe3 Rxe3+ 32. Kd1 Rd3+ 33. Kc2 Rc3+ 34. Kd2 Rd3+ 35. Ke2 Re3+ 36. Kf1 Be5 37. Qd5+ Kg7 38. Qxc4 f4 39. Qc2 Bd4 40. Qxc7+ Kh6
41. Qxf4+
1-0

[Event "Christmas Knockout"]
[Site "SchemingMind.com"]
[Date "2010.12.03"]
[Round "-"]
[White "z"]
[Black "jtrochez1"]
[Result "1-0"]
[WhiteCountry "IRQ"]
[BlackCountry "HON"]
[WhiteElo "1896"]
[WhiteRD "89"]
[BlackElo "1581"]
[BlackRD "48"]
[GameID "268845"]

1. e4 e5 2. Nf3 Nc6 3. Bb5 d6 4. d4 Bd7 5. d5 Nb8 6. Bd3 a6 7. c4 Bg4 8. h3 Bd7 9. Nc3 h6 10. Be3 c5
11. dxc6 Bxc6 12. Rc1 Nf6 13. g4 Bd7 14. Qd2 Bc6 15. Nh4 Qa5 16. Nf5 d5 17. cxd5 Bd7 18. f4 Bxf5 19. gxf5 b5 20. fxe5 Nh7
21. O-O b4 22. Ne2 Ng5 23. Rc8+ Kd7 24. Qc2 Nxh3+ 25. Kh2 Ng5 26. e6+ fxe6 27. fxe6+
1-0

[Event "Christmas Knockout"]
[Site "SchemingMind.com"]
[Date "2010.12.03"]
[Round "-"]
[White "krystek234"]
[Black "maro"]
[Result "1-0"]
[WhiteCountry "POL"]
[BlackCountry "MEX"]
[WhiteElo "2102"]
[WhiteRD "88"]
[BlackElo "1316"]
[BlackRD "61"]
[GameID "268846"]

1. c4 e5 2. Nc3 Bc5 3. e3 Nf6 4. d3 d5 5. cxd5 Nxd5 6. Nf3 Nxc3 7. bxc3 O-O 8. Be2 Nc6 9. O-O Re8 10. d4 exd4
11. cxd4 Bb4 12. Bb2 Be6 13. e4 Bg4 14. e5 Qd5 15. a3 Ba5 16. Qc2 Nxd4 17. Nxd4 Bxe2 18. Nxe2 c6 19. Rad1 Qe6 20. Ng3 g6
21. Ne4
1-0

[Event "Christmas Knockout"]
[Site "SchemingMind.com"]
[Date "2010.12.06"]
[Round "-"]
[White "Clive Everill"]
[Black "joopsim"]
[Result "0-1"]
[WhiteCountry "CZE"]
[BlackCountry "NED"]
[WhiteElo "1684"]
[WhiteRD "49"]
[BlackElo "2398"]
[BlackRD "81"]
[GameID "268938"]

1. e4 e5 2. Nc3 Nf6 3. g3 d5 4. exd5 Nxd5 5. Bg2 Nxc3 6. bxc3 Bd6 7. Nf3 Nc6 8. O-O O-O 9. Rb1 Re8 10. d4 h6
11. Re1 Qf6 12. d5 Na5 13. Nd4 b6 14. Nb5 Qg6 15. Nxd6 cxd6 16. f4 Bf5 17. Re2 Bg4 18. Qd2 Nc4 19. Qe1 Bxe2 20. Qxe2 exf4
21. Qxc4 Re1+ 22. Bf1 fxg3 23. h3 g2
0-1

[Event "Christmas Knockout"]
[Site "SchemingMind.com"]
[Date "2010.12.04"]
[Round "-"]
[White "D O Vaughan"]
[Black "CRIS PORTI"]
[Result "1-0"]
[WhiteCountry "WLS"]
[BlackCountry "ARG"]
[WhiteElo "2009"]
[WhiteRD "165"]
[BlackElo "1732"]
[BlackRD "80"]
[GameID "268942"]

1. e4 e5 2. f4 exf4 3. Nf3 Nc6 4. Nc3 d6 5. d4 Bg4 6. Bxf4 Nf6 7. Bc4 h6 8. O-O Bxf3 9. Rxf3 g5 10. Be3 Bg7
11. Qd2 O-O 12. Kh1 Qe7 13. Bd3 Ng4 14. Nd5 Qd8 15. c3 Nxe3 16. Nxe3 Qe7 17. Bc2 Rae8 18. Qd3 f6 19. e5 fxe5 20. Qh7#
1-0

[Event "Christmas Knockout"]
[Site "SchemingMind.com"]
[Date "2010.12.06"]
[Round "-"]
[White "joopsim"]
[Black "Clive Everill"]
[Result "1-0"]
[WhiteCountry "NED"]
[BlackCountry "CZE"]
[WhiteElo "2398"]
[WhiteRD "81"]
[BlackElo "1684"]
[BlackRD "49"]
[GameID "268946"]

1. e4 Nc6 2. d4 d5 3. Nc3 dxe4 4. d5 Nb4 5. a3 Na6 6. Nxe4 e6 7. Bb5+ Bd7 8. dxe6 fxe6 9. Bxa6 bxa6 10. Qh5+ g6
11. Qe5 Kf7 12. Ng5+ Ke8 13. Qxh8 Nf6 14. Nxh7 Nxh7 15. Qxh7 Qf6 16. Nf3 Rb8 17. O-O Rb5 18. Rd1 Bd6 19. Qg8+ Bf8 20. Bh6 Rh5
21. Bxf8 Qh8 22. Qxg6+
1-0

[Event "Christmas Knockout"]
[Site "SchemingMind.com"]
[Date "2010.12.05"]
[Round "-"]
[White "CRIS PORTI"]
[Black "D O Vaughan"]
[Result "0-1"]
[WhiteCountry "ARG"]
[BlackCountry "WLS"]
[WhiteElo "1698"]
[WhiteRD "81"]
[BlackElo "1992"]
[BlackRD "153"]
[GameID "268950"]

1. e4 e6 2. d4 d5 3. Nc3 Bb4 4. e5 c5 5. a3 Bxc3+ 6. bxc3 Ne7 7. Qg4 Qc7 8. Qxg7 Rg8 9. Qxh7 cxd4 10. Ne2 Nbc6
11. f4 Bd7 12. Qd3 dxc3 13. Qxc3 Nf5 14. Rb1 d4 15. Qd3 Rc8 16. Bd2 Nce7 17. Nxd4 Nxd4 18. Qxd4 Nf5 19. Qxa7 Qxc2 20. Qxb7 Rc7
21. Qa8+ Rc8 22. Rb8 Ke7 23. Bb4+ Rc5 24. Bxc5+ Qxc5 25. Rxg8 Qc1+ 26. Ke2 Bb5+ 27. Kf3 Bc6+
0-1

[Event "Christmas Knockout"]
[Site "SchemingMind.com"]
[Date "2010.12.05"]
[Round "-"]
[White "APB"]
[Black "Ulrich Klapp"]
[Result "0-1"]
[WhiteCountry "ENG"]
[BlackCountry "GER"]
[WhiteElo "1643"]
[WhiteRD "63"]
[BlackElo "1571"]
[BlackRD "92"]
[GameID "269044"]

1. e4 c6 2. d4 d5 3. e5 Bf5 4. Nf3 Nd7 5. Be2 Nb6 6. Nh4 Qd7 7. Nxf5 Qxf5 8. O-O Rc8 9. Bg4 Qe4 10. Nc3 Qg6
11. f4 Nh6 12. f5 Qxg4 13. Qxg4 Nxg4 14. h3 Nh6 15. g4 g6 16. f6 Kd7 17. Bg5 Nc4 18. fxe7 Bg7 19. Bf6 Bxf6 20. exf6 Rhe8
21. b3 Nd6 22. a4 Ng8 23. Rf2 Nxf6 24. Rxf6 Rxe7 25. g5 Re3 26. Nd1 Rxh3 27. Nf2 Rg3+ 28. Kh2 Re3 29. Ng4 Re2+
0-1

[Event "Christmas Knockout"]
[Site "SchemingMind.com"]
[Date "2010.12.05"]
[Round "-"]
[White "nightghost"]
[Black "pclaxton"]
[Result "0-1"]
[WhiteCountry "POL"]
[BlackCountry "ENG"]
[WhiteElo "1537"]
[WhiteRD "97"]
[BlackElo "1261"]
[BlackRD "60"]
[GameID "269047"]

1. e4 e5 2. Nf3 d6 3. Bc4 Be6 4. Bxe6 fxe6 5. d3 d5 6. Nxe5 Nf6 7. exd5 exd5 8. O-O Bd6 9. Re1 O-O 10. Qf3 c6
11. Qg3 Nh5 12. Qg4 Nf6 13. Qg3 Nh5 14. Qh3 Nf4 15. Qg4 Bxe5 16. Rxe5 Nd7 17. Bxf4 Nxe5 18. Bxe5 Qe7 19. d4 g6 20. Qg3 Qb4
21. b3 Qe1#
0-1

[Event "Christmas Knockout"]
[Site "SchemingMind.com"]
[Date "2010.12.05"]
[Round "-"]
[White "Ulrich Klapp"]
[Black "APB"]
[Result "0-1"]
[WhiteCountry "GER"]
[BlackCountry "ENG"]
[WhiteElo "1571"]
[WhiteRD "92"]
[BlackElo "1643"]
[BlackRD "63"]
[GameID "269051"]

1. c4 Nf6 2. Nc3 e5 3. g3 Bb4 4. Bg2 O-O 5. e4 d6 6. d3 Bc5 7. Qe2 Ng4 8. Nh3 Nc6 9. O-O Nd4 10. Qd2 Bd7
11. Qg5 f6 12. Qd2 Rb8 13. b3 a6 14. Re1 f5 15. exf5 Rxf5 16. Be4 Rh5 17. Bd5+ Be6 18. Bxe6+ Nxe6 19. Qe2 Nf6 20. Qf1 Nd4
21. Be3 Nc2 22. Bxc5 dxc5 23. Rab1 Nxe1 24. Rxe1 h6 25. Re3 Qd7 26. Ne4 Ng4 27. Rf3 b6 28. a4 Rf8 29. Qe2 Rxf3 30. Qxf3 Rxh3
31. Nc3 Nxh2 32. Qa8+ Kh7 33. Qe4+ Kh8 34. Ne2 Nf1 35. Kxf1 Rh5 36. Ng1 Rf5 37. Nf3 Qf7 38. Kg2 g5 39. g4 Rf4 40. Qxe5+ Qf6
41. Qe8+ Kh7 42. Qd7+ Qf7 43. Qxf7+ Rxf7 44. Ne5 Re7 45. Nc6 Re2 46. Kf1 Rb2 47. Nb8 a5 48. Na6 Rxb3 49. Nxc7 Rxd3
0-1

[Event "Christmas Knockout"]
[Site "SchemingMind.com"]
[Date "2010.12.05"]
[Round "-"]
[White "pclaxton"]
[Black "nightghost"]
[Result "0-1"]
[WhiteCountry "ENG"]
[BlackCountry "POL"]
[WhiteElo "1261"]
[WhiteRD "60"]
[BlackElo "1537"]
[BlackRD "97"]
[GameID "269054"]

1. e4 e5 2. c4 Nf6 3. d3 Bc5 4. Be3 Bxe3 5. fxe3 O-O 6. d4 Nxe4 7. dxe5 Qh4+ 8. g3 Nxg3 9. Qf3 Nxh1+ 10. Kd1 Nf2+
11. Ke2 Ng4 12. Bh3 Nxe5 13. Qf5 d6 14. Qf1 Bxh3 15. Nxh3 Qxc4+ 16. Ke1 Qxf1+ 17. Kxf1 Nc4 18. Ke2 Nxb2 19. Nd2 Na4 20. Nf4 Nc6
21. Nd5 Rfe8 22. Nxc7 Nc3+ 23. Kd3 Ne5+ 24. Kd4 Ne2+ 25. Kd5 Ng4 26. Nxe8 Rxe8 27. e4 Nxh2 28. Rh1 Ng4 29. Kxd6 Rd8+ 30. Ke7 Rxd2
31. Rh4 Ne5 32. a4 Ng6+ 33. Ke8 Nxh4 34. e5 Nf5 35. a5 Rd5 36. e6 Nd6+ 37. Kd7 fxe6 38. Kxe6 Nf4+ 39. Kd7 Kf7 40. Kc7 Ne6+
41. Kd7 Nb5+ 42. Kc8 Rd8+ 43. Kxb7 Rd6 44. a6 Nd8+ 45. Ka8 Ke7 46. Kb8 Rc6 47. Ka8 Rc8#
0-1

[Event "Christmas Knockout"]
[Site "SchemingMind.com"]
[Date "2010.12.31"]
[Round "-"]
[White "joopsim"]
[Black "pclaxton"]
[Result "1-0"]
[WhiteCountry "NED"]
[BlackCountry "ENG"]
[WhiteElo "2376"]
[WhiteRD "77"]
[BlackElo "1351"]
[BlackRD "58"]
[GameID "271478"]

1. e4 e5 2. Nf3 Nf6 3. d4 c5 4. dxe5 Nxe4 5. Bc4 Nc6 6. Qd5 Qe7 7. Qxe4 f6 8. Nc3 fxe5 9. Bg5 Qd6 10. Nb5 Qb8
11. O-O-O Be7 12. Bxe7 Nxe7 13. Rd6 a6 14. Qxe5 axb5 15. Re1 Kd8 16. Ng5 Rf8 17. Qxe7+ Kc7 18. Ne6#
1-0

[Event "Christmas Knockout"]
[Site "SchemingMind.com"]
[Date "2010.12.31"]
[Round "-"]
[White "pclaxton"]
[Black "joopsim"]
[Result "0-1"]
[WhiteCountry "ENG"]
[BlackCountry "NED"]
[WhiteElo "1351"]
[WhiteRD "58"]
[BlackElo "2376"]
[BlackRD "77"]
[GameID "271481"]

1. e4 e5 2. d3 Nf6 3. Nf3 Nc6 4. Be3 d5 5. Nc3 d4 6. Bd2 dxc3 7. Bxc3 Bd6 8. Qe2 O-O 9. O-O-O b5 10. a3 a5
11. d4 b4 12. dxe5 bxc3 13. exd6 cxb2+ 14. Kxb2 cxd6 15. Qd2 Nxe4 16. Qd5 Qf6+ 17. Nd4 Rb8+ 18. Kc1 Qf4+ 19. Rd2 Qxd2#
0-1

[Event "Christmas Knockout"]
[Site "SchemingMind.com"]
[Date "2011.02.13"]
[Round "-"]
[White "Ulrich Klapp"]
[Black "D O Vaughan"]
[Result "1-0"]
[WhiteCountry "GER"]
[BlackCountry "WLS"]
[WhiteElo "1611"]
[WhiteRD "105"]
[BlackElo "1805"]
[BlackRD "119"]
[GameID "275660"]

1. c4 e6 2. Nc3 d5 3. cxd5 exd5 4. e3 Nf6 5. d4 c5 6. Bb5+ Nc6 7. Nf3 Be6 8. O-O Qb6 9. Re1 Bd6 10. Qd3 c4
11. Qc2 O-O 12. a3 Ne7 13. Ba4 Bf5 14. Qd2 Ng6 15. Ng5 Rad8 16. Qe2 Bd3 17. Qf3 h6 18. Nh3 Nh4 19. Qd1 Bb8 20. f4 Qe6
21. Bd2 a6 22. Nf2 Bf5 23. b4 b5 24. Bc2 Rfe8 25. a4 Bd6 26. axb5 Bxb4 27. bxa6
1-0

[Event "Christmas Knockout"]
[Site "SchemingMind.com"]
[Date "2011.02.13"]
[Round "-"]
[White "D O Vaughan"]
[Black "Ulrich Klapp"]
[Result "1-0"]
[WhiteCountry "WLS"]
[BlackCountry "GER"]
[WhiteElo "1927"]
[WhiteRD "128"]
[BlackElo "1565"]
[BlackRD "97"]
[GameID "275668"]

1. e4 e5 2. f4 d5 3. exd5 Bc5 4. Nc3 Nf6 5. Qe2 O-O 6. fxe5 Re8 7. Nf3 Bg4 8. Qc4 Nbd7 9. d4 Bxf3 10. gxf3 Bb6
11. Be2 Ba5 12. Bd2 Nb6 13. Qd3 Nfxd5 14. O-O-O Qd7 15. Nxd5 Bxd2+ 16. Qxd2 Qxd5 17. Kb1 Rad8 18. f4 Qe4 19. Bd3 Qf3 20. Rhf1 Qh3
21. Rg1 Rxd4 22. Bxh7+ Qxh7 23. Qxd4
1-0

[Event "Christmas Knockout"]
[Site "SchemingMind.com"]
[Date "2011.02.16"]
[Round "-"]
[White "Gary"]
[Black "loco61"]
[Result "1-0"]
[WhiteCountry "ENG"]
[BlackCountry "ENG"]
[WhiteElo "1585"]
[WhiteRD "60"]
[BlackElo "1571"]
[BlackRD "71"]
[GameID "276025"]

1. c4 e5 2. Nc3 Bc5 3. g3 c6 4. Bg2 Qb6 5. e3 Nf6 6. Nge2 d6 7. O-O Bg4 8. a3 Nbd7 9. b4 Bxb4 10. axb4 Qxb4
11. Ba3 Qb6 12. Bxd6 c5 13. Nb5 a6 14. Bc7 Qe6 15. Nd6+ Ke7 16. d3 Ne8 17. Nxe8 Rhxe8 18. Ba5 Rab8 19. Re1 b6 20. Bc3 a5
21. Rb1 Bf5 22. Bd5 Qg6 23. e4 Be6 24. f4 exf4 25. Nxf4 Qg5 26. Bd2 Qe5 27. Kg2 Nf6 28. Qa4 Bd7 29. Bc6 Bxc6 30. Qxc6 Rec8
31. Qb5 Rd8 32. Nd5+ Nxd5 33. exd5
1-0

[Event "Christmas Knockout"]
[Site "SchemingMind.com"]
[Date "2011.02.16"]
[Round "-"]
[White "loco61"]
[Black "Gary"]
[Result "0-1"]
[WhiteCountry "ENG"]
[BlackCountry "ENG"]
[WhiteElo "1567"]
[WhiteRD "62"]
[BlackElo "1541"]
[BlackRD "60"]
[GameID "276027"]

1. e4 c5 2. Bc4 d6 3. Nf3 Nc6 4. c3 Nf6 5. d3 Bg4 6. h3 Bxf3 7. Qxf3 e6 8. Bg5 Be7 9. Nd2 O-O 10. O-O-O a6
11. h4 b5 12. Bb3 Ne5 13. Qe3 Nfg4 14. Qg3 Nxf2 15. Bh6 Bf6 16. Kc2 Nxd1 17. Rxd1 Ng6 18. h5 gxh6 19. Nf3 Bg5 20. Nxg5 Qxg5
21. Qxg5 hxg5 22. hxg6 hxg6 23. g4 Rad8 24. Rh1 Kg7 25. Kd2 Rh8 26. Rxh8 Rxh8 27. Bd1 f5 28. Ke3 Rh3+ 29. Kd2 Rh2+ 30. Kc1 fxg4
31. Bxg4 Kf6 32. a3 Ke5 33. b4 cxb4 34. axb4 Rg2 35. Bf3 Rf2 36. Bg4 Rf4 37. Be2 g4 38. Kd1 g3
0-1

[Event "Christmas Knockout"]
[Site "SchemingMind.com"]
[Date "2011.02.23"]
[Round "-"]
[White "krystek234"]
[Black "z"]
[Result "1-0"]
[WhiteCountry "POL"]
[BlackCountry "IRQ"]
[WhiteElo "2046"]
[WhiteRD "92"]
[BlackElo "1844"]
[BlackRD "90"]
[GameID "276518"]

1. Nf3 d5 2. d4 Nc6 3. e3 a6 4. c4 Bg4 5. cxd5 Qxd5 6. Be2 e5 7. Nc3 Bb4 8. h3 Bxf3 9. Bxf3 e4 10. Be2 Qg5
11. O-O Bxc3 12. bxc3 f5 13. Qb3 Nge7 14. Ba3 O-O-O 15. Bxa6 bxa6 16. Rab1 Nd5 17. c4 Nf6 18. d5 Ne5 19. Qb7+ Kd7 20. Qxa6 Nf3+
21. Kh1 Nxd5 22. cxd5 Qf6 23. Qa4+ Kc8 24. Rfc1 f4 25. Rxc7+
1-0

[Event "Christmas Knockout"]
[Site "SchemingMind.com"]
[Date "2011.02.22"]
[Round "-"]
[White "z"]
[Black "krystek234"]
[Result "1-0"]
[WhiteCountry "IRQ"]
[BlackCountry "POL"]
[WhiteElo "1844"]
[WhiteRD "90"]
[BlackElo "2046"]
[BlackRD "92"]
[GameID "276525"]

1. e4 c5 2. Nf3 e6 3. d4 cxd4 4. Nxd4 Nc6 5. c4 a6 6. Nc3 Qc7 7. Be3 Nf6 8. Rc1 d6 9. Be2 Be7 10. Qd2 Bd7
11. O-O O-O 12. f3 Ne5 13. Rfd1 Nxc4 14. Bxc4 Qxc4 15. Nd5 exd5 16. Rxc4 dxc4 17. Bf4 a5 18. a4 Bxa4 19. Rc1 d5 20. Be5 dxe4
21. Rxc4 b5 22. Rc7 Bb4 23. Qg5 Ra6 24. Nf5
1-0

[Event "Christmas Knockout"]
[Site "SchemingMind.com"]
[Date "2011.04.29"]
[Round "-"]
[White "joopsim"]
[Black "krystek234"]
[Result "1-0"]
[WhiteCountry "NED"]
[BlackCountry "POL"]
[WhiteElo "2380"]
[WhiteRD "85"]
[BlackElo "2040"]
[BlackRD "96"]
[GameID "282080"]

1. e4 c5 2. Nf3 e6 3. d4 cxd4 4. Nxd4 a6 5. f4 Qc7 6. Be2 Nc6 7. Nc3 d6 8. O-O Nf6 9. Be3 Be7 10. Qe1 Nxd4
11. Bxd4 O-O 12. Qg3 Bd7 13. Kh1 Bc6 14. Rae1 g6 15. f5 e5 16. Be3 b5 17. Bh6 Rfe8 18. Bd3 Qb7 19. Nd5 Bxd5 20. exd5 Nh5
21. Qf3 Bd8 22. Qg4 Nf6 23. Qh4 Nxd5 24. Qg3 Nf6 25. fxg6 hxg6 26. Bxg6 fxg6 27. Qxg6+
1-0

[Event "Christmas Knockout"]
[Site "SchemingMind.com"]
[Date "2011.04.28"]
[Round "-"]
[White "krystek234"]
[Black "joopsim"]
[Result "0-1"]
[WhiteCountry "POL"]
[BlackCountry "NED"]
[WhiteElo "2033"]
[WhiteRD "100"]
[BlackElo "2385"]
[BlackRD "90"]
[GameID "282086"]

1. c4 Nf6 2. Nc3 d6 3. d4 g6 4. e4 Bg7 5. f3 O-O 6. Bd3 c5 7. d5 e6 8. Bg5 h6 9. Bh4 exd5 10. cxd5 Nbd7
11. Nge2 Ne5 12. O-O Bd7 13. Bb5 Bxb5 14. Nxb5 Qd7 15. a4 a6 16. Nbc3 b5 17. Qc2 Nh5 18. f4 Nc4 19. Bf2 b4 20. Nd1 Na5
21. Ne3 Rac8 22. Rab1 Rfe8 23. b3 Bd4 24. Nc4 Nxc4 25. bxc4 Bg7 26. Rfe1 Nf6 27. Nc1 Ng4 28. Nb3 Bc3 29. Re2 Nxf2 30. Rxf2 Qxa4
31. f5 Qd7 32. fxg6 fxg6 33. Rbf1 Kg7 34. Rf3 Qe7 35. Qf2 Rf8 36. Rxf8 Rxf8 37. Qxf8+ Qxf8 38. Rxf8 Kxf8 39. Kf2 Ke7 40. Ke3 Kf6
41. Na5 Be5 42. h3 Kg5 43. Kf3 Kh4 44. Nb3 h5 45. Na5 g5 46. Nb3 g4+ 47. hxg4 hxg4+ 48. Kf2 Bf6
0-1

[Event "Christmas Knockout"]
[Site "SchemingMind.com"]
[Date "2011.07.11"]
[Round "-"]
[White "Ulrich Klapp"]
[Black "joopsim"]
[Result "0-1"]
[WhiteCountry "GER"]
[BlackCountry "NED"]
[WhiteElo "1545"]
[WhiteRD "101"]
[BlackElo "2386"]
[BlackRD "100"]
[GameID "288536"]

1. Nc3 d5 2. e4 d4 3. Nce2 e5 4. f4 Nc6 5. d3 Bg4 6. Qd2 Nf6 7. Nf3 Bxf3 8. gxf3 Bb4 9. c3 Ba5 10. Bg2 Nh5
11. fxe5 Nxe5 12. Qc2 dxc3 13. Qa4+ c6 14. O-O Nxd3 15. bxc3 Bb6+ 16. Nd4 O-O 17. Ba3 c5 18. Nf5 Qg5 19. Bc1 Nxc1 20. Raxc1 g6
21. Qd7 gxf5 22. Qxf5 Qh6 23. Rcd1 c4+
0-1

[Event "Christmas Knockout"]
[Site "SchemingMind.com"]
[Date "2011.07.11"]
[Round "-"]
[White "joopsim"]
[Black "Ulrich Klapp"]
[Result "1-0"]
[WhiteCountry "NED"]
[BlackCountry "GER"]
[WhiteElo "2386"]
[WhiteRD "100"]
[BlackElo "1545"]
[BlackRD "101"]
[GameID "288540"]

1. e4 e5 2. Nf3 d6 3. d4 Nd7 4. Bc4 exd4 5. Qxd4 Ngf6 6. Nc3 Be7 7. Bxf7+ Kxf7 8. Ng5+ Ke8 9. Ne6 c5 10. Qd1 Qa5
11. Nxg7+ Kf7 12. Nf5 Re8 13. O-O Bf8 14. Bg5 Re6 15. Qf3 Qb4 16. b3 Ke8 17. Qh3 Kf7 18. Rae1 h6 19. a3 Qa5 20. Bxh6 Qd8
21. f4 Be7 22. Bg5 Nf8 23. e5 dxe5 24. fxe5
1-0